[Event "Leiden SB-chB"]
[Site "Leiden"]
[Date "2004.06.23"]
[Round "5"]
[White "Bingen, Stanley"]
[Black "Jansen, Bert"]
[Result "0-1"]
[WhiteElo "1219"]
[BlackElo "1540"]
[PlyCount "72"]
[EventDate "2004.05.19"]
[EventType "swiss"]
[EventRounds "7"]
[EventCountry "NED"]
[SourceTitle "EXT 2012"]
[Source "ChessBase"]
[SourceDate "2011.11.24"]
[SourceVersion "1"]
[SourceVersionDate "2011.11.24"]
[SourceQuality "1"]

1. e4 d6 2. d4 Nf6 3. Nc3 g6 4. Nf3 Bg7 5. Bd3 0-0 6. 0-0 c5 7. d5 a6 8. a4 Qc7 9. b3 Nh5 10. Bb2 Nf4 11. Qd2 Nxd3 12. cxd3 f5 13. Rfe1 fxe4 14. dxe4 Bg4 15. Nh4 Bf6 16. g3 Nd7 17. h3 Bh5 18. Ng2 Ne5 19. Nh4 Bxh4 20. Qh6 Bf6 21. g4 Bxg4 22. hxg4 Nd3 23. Re3 Nxb2 24. Rh3 Rf7 25. Ne2 Qd7 26. f3 Nd3 27. Rf1 b5 28. f4 Qxg4+ 29. Ng3 Bd4+ 30. Kg2 Raf8 31. Rh4 Qd7 32. f5 Ne5 33. Rfh1 bxa4 34. bxa4 Qxa4 35. Qxh7+ Rxh7 36. Rxh7 Qc2+ 0-1

[Event "Leiden SB-chB"]
[Site "Leiden"]
[Date "2004.05.19"]
[Round "1"]
[White "Frijling, Jeroen"]
[Black "Jansen, Bert"]
[Result "1-0"]
[WhiteElo "1813"]
[BlackElo "1540"]
[PlyCount "79"]
[EventDate "2004.05.19"]
[EventType "swiss"]
[EventRounds "7"]
[EventCountry "NED"]
[SourceTitle "EXT 2012"]
[Source "ChessBase"]
[SourceDate "2011.11.24"]
[SourceVersion "1"]
[SourceVersionDate "2011.11.24"]
[SourceQuality "1"]

1. d4 Nf6 2. c4 g6 3. Nc3 d5 4. Bf4 c6 5. e3 Bg7 6. Nf3 0-0 7. Bd3 Nbd7 8. h3 Re8 9. 0-0 dxc4 10. Bxc4 e6 11. Rc1 Nb6 12. Bb3 Nbd5 13. Bg3 Nxc3 14. bxc3 b6 15. Bc2 Bb7 16. c4 Nd7 17. e4 b5 18. Bd3 Qa5 19. Qb3 a6 20. Rfd1 Nf6 21. Ne5 Nh5 22. Bh2 Bh6 23. Rc2 Bf4 24. Bxf4 Nxf4 25. Bf1 Nh5 26. Nd7 Qd8 27. Nc5 Bc8 28. e5 Ng7 29. Ne4 Qh4 30. Nf6+ Kf8 31. Nxe8 Kxe8 32. d5 exd5 33. cxd5 Nf5 34. Qc3 Ne7 35. dxc6 Be6 36. c7 Qe4 37. Qd4 Qxd4 38. Rxd4 Nd5 39. c8Q+ Bxc8 40. Rxd5 1-0

[Event "Leiden SB-ch"]
[Site "Leiden"]
[Date "2003.06.24"]
[Round "6"]
[White "Bingen, Stanley"]
[Black "Jansen, Bert"]
[Result "0-1"]
[WhiteElo "1187"]
[BlackElo "1452"]
[PlyCount "88"]
[EventDate "2003.05.20"]
[EventType "swiss"]
[EventRounds "7"]
[EventCountry "NED"]
[SourceTitle "CBM 095 Extra"]
[Source "ChessBase"]
[SourceDate "2003.09.04"]
[SourceVersion "1"]
[SourceVersionDate "2003.09.04"]
[SourceQuality "1"]

1. e4 d6 2. Bc4 Nf6 3. d3 g6 4. Nf3 Bg7 5. Ng5 0-0 6. 0-0 e6 7. c3 Nc6 8. Be3 Na5 9. Bb3 Nxb3 10. axb3 a6 11. b4 b5 12. d4 Bb7 13. f3 Qe7 14. Nd2 Bh6 15. Qe2 Nd7 16. Nxe6 Bxe3+ 17. Qxe3 fxe6 18. Rae1 Rae8 19. c4 Nf6 20. d5 exd5 21. cxd5 Bxd5 22. Qa7 Ra8 23. exd5 Qxe1 24. Qxa8 Qxf1+ 25. Kxf1 Rxa8 26. g4 Nxd5 27. Ne4 Rf8 28. Ng5 h6 29. Ne6 Rxf3+ 30. Kg2 Rb3 31. g5 Rxb2+ 32. Kf3 h5 33. Ke4 c6 34. Nd8 Nxb4 35. Kd4 Rxh2 36. Kc3 a5 37. Nb7 Nd5+ 38. Kb3 a4+ 39. Ka3 Rh3+ 40. Kb2 b4 41. Nxd6 Rh2+ 42. Kc1 a3 43. Nc4 a2 44. Nd2 a1Q+ 0-1